000 00721cam a22002653a 4500
001 13670
003 PGUSA
005 20140828083307.0
008 041007s2004||||xxu|||||s|||||000 1 eng d
040 _aPGUSA
_beng
042 _adc
050 4 _aPS
100 1 _aBower, B. M.,
_d1874-1940
245 1 4 _aThe Happy Family
_h[electronic resource] /
_cB. M. Bower
260 _bProject Gutenberg,
_c2004
506 _aPublic domain in the USA.
516 _aElectronic text
653 _aWestern stories
653 _aCowboys -- Fiction
653 _aMontana -- Fiction
653 _aRanch life -- Fiction
830 0 _aProject Gutenberg
_v13670
856 4 0 _uhttp://www.gutenberg.org/ebooks/13670
942 _cEB
999 _c242925
_d242925